Virut Dengue và dịch sốt xuất huyết

Gorde:
Xehetasun bibliografikoak
Egile nagusia: Đỗ Quang Hà
Formatua: Liburua
Hizkuntza:Undetermined
Argitaratua: Hà Nội Khoa học và Kỹ thuật 2003
Gaiak:
Etiketak: Etiketa erantsi
Etiketarik gabe, Izan zaitez lehena erregistro honi etiketa jartzen!
Thư viện lưu trữ: Trung tâm Học liệu Trường Đại học Cần Thơ
LEADER 00544nam a2200193Ia 4500
001 CTU_101528
008 210402s9999 xx 000 0 und d
020 |c 12000 
082 |a 616.921 
082 |b H100 
100 |a Đỗ Quang Hà 
245 0 |a Virut Dengue và dịch sốt xuất huyết 
245 0 |c Đỗ Quang Hà 
260 |a Hà Nội 
260 |b Khoa học và Kỹ thuật 
260 |c 2003 
650 |a epidemiology,dengue 
904 |i Minh 
980 |a Trung tâm Học liệu Trường Đại học Cần Thơ